Most popular pets - Statistics

General Stats
  • This quiz has been taken 44 times
  • The average score is 10 of 15
Answer Stats
Hint Answer % Correct
#1 dog
100%
#2 cat
97%
#7 snake
84%
#5 hamster
82%
#3 fish
79%
#4 bird
76%
#15 horse
74%
#9 guinea pig
68%
#6 rabbit
63%
#14 lizard
58%
#8 turtle
50%
#11 ferret
39%
#12 frog
34%
#10 spider
34%
#13 chinchilla
18%
No matching quizzes found
Score Distribution
Percent of People with Each Score
Percentile by Number Answered
Your Score History
You have not taken this quiz